Phạm Thận Duật sự nghiệp văn hóa, sứ mệnh lịch sử Cần Vương
v...v
Đã lưu trong:
| Tác giả chính: | |
|---|---|
| Tác giả khác: | |
| Định dạng: | Sách |
| Ngôn ngữ: | Vietnamese |
| Năm xuất bản: |
H.
Hội khoa học lịch sử Việt Nam
1997
|
| Chủ đề: | |
| Tags: |
Thêm thẻ
Không có thẻ, Hãy là người đầu tiên gắn thẻ bản ghi này!
|
| LEADER | 01337nam a2200325 a 4500 | ||
|---|---|---|---|
| 001 | 3522124 | ||
| 005 | 20161012095446.0 | ||
| 008 | 961012s1995 vm b f000 0 vie | ||
| 040 | |a DLC |c DLC | ||
| 042 | |a lcode | ||
| 043 | |a a-vt--- | ||
| 050 | 0 | 0 | |a HN700.5.A8 |b C63 1995 |
| 082 | |a 959.703092 |b PH104Th | ||
| 100 | |a Nguyễn Quang Ân | ||
| 245 | 0 | 0 | |a Phạm Thận Duật sự nghiệp văn hóa, sứ mệnh lịch sử Cần Vương |c Nguyễn Quang Ân, Phạm Đình Nhân biên tập |
| 260 | |a H. |b Hội khoa học lịch sử Việt Nam |c 1997 | ||
| 300 | |a 399 tr. |c 21 cm | ||
| 520 | |a v...v | ||
| 653 | |a Lịch sử | ||
| 653 | |a Phong trào Cần Vương | ||
| 653 | |a Việt Nam | ||
| 653 | |a Danh nhân | ||
| 653 | |a Văn hóa | ||
| 700 | 1 | |a Phạm Đình Nhân | |
| 906 | |a 7 |b cbc |c origode |d 3 |e ncip |f 19 |g y-gencatlg | ||
| 942 | |2 ddc |c STK0 | ||
| 955 | |a wj07; yk06 12-06-96; yk02 12-16-96; yk10 12-17-96 | ||
| 999 | |c 3127 |d 3127 | ||
| 952 | |0 0 |1 0 |2 ddc |4 0 |6 959_703092000000000_PH104TH |7 1 |8 900 |9 35315 |a qbu |b qbu |c D5 |d 2014-12-15 |g 36000 |o 959.703092 PH104Th |p 4225.c1 |r 2015-10-29 |w 2014-12-15 |y STK0 |0 0 |6 959_703092000000000_PH104TH | ||
| 952 | |0 0 |1 0 |2 ddc |4 0 |6 959_703092000000000_PH104TH |7 0 |8 900 |9 35316 |a qbu |b qbu |c D5 |d 2014-12-15 |g 36000 |o 959.703092 PH104Th |p 4225.c2 |r 0000-00-00 |w 2014-12-15 |y STK0 |0 0 |6 959_703092000000000_PH104TH | ||